| 000 | 00819nam a22001337a 4500 | ||
|---|---|---|---|
| 040 | _cRUA | ||
| 082 | _aAVM CHA 2013 B105 Or.1 | ||
| 100 | _aCHAO, SOPHOIRN. | ||
| 245 | _aCompare of wheat bran and rice brans in concentrate feed on fattening pigs at top chantha's farm in posenchey disrtict, phnom penh, ប្រៀបធៀបការប្រើប្រាស់កន្ទក់លេខ១លើការលូតលាស់ឃជ្រូកសាច់កូនកាត់នៅកសិដ្ឋាន តុប ចន្ថា ខ័ណ្ឌ ពោធិ៍សែនជ័យ រាជធានីភ្នំពេញ. | ||
| 260 |
_aphnom penh _bRUA _c201`3 |
||
| 300 |
_ax,41p. _bill. _c29cm. |
||
| 856 | _uhttps://drive.google.com/file/d/18cRW7S32bsh-FtZza1njc3xueZwRiOA6/view?usp=sharing | ||
| 942 | _cAVM | ||
| 999 |
_c2712 _d2712 |
||